Metallica - Kill Em All - Statystyki

Ogólne statystyki
  • Ten quiz został rozwiązany 32 razy
  • Średni wynik to 8 z 10
Statystyki odpowiedzi
Odpowiedź % Poprawnych
9 Seek & Destroy
100%
6 Whiplash
96%
2 The Four Horsemen
88%
1 Hit The Lights
83%
10 Metal Militia
83%
3 Motorbreath
83%
5 Anesthesia/Pulling Teeth
79%
7 Phantom Lord
79%
4 Jump In The Fire
75%
8 No Remorse
63%
Nie znaleziono quizów pasujących do podanych kryteriów
Rozkład punktacji
Procent ludzi z każdym wynikiem
Percentyl według liczby udzielonych odpowiedzi
Twoja historia wyników
Nie rozwiązałeś tego quizu